[Event "EU-Cup 16th"]
[Site "Neum"]
[Date "2000.09.27"]
[Round "4.5"]
[White "Rogozenco, Dorian"]
[Black "Colovic, Aleksandar"]
[Result "1-0"]
[WhiteElo "2531"]
[BlackElo "2397"]
[Annotator "Rogozenco,D"]
[PlyCount "83"]
[EventDate "2000.09.24"]
[EventType "team-swiss"]
[EventRounds "7"]
[EventCountry "BIH"]
[SourceTitle "CBM 080"]
[Source "ChessBase"]
[SourceDate "2001.01.25"]
[SourceVersion "1"]
[SourceVersionDate "2001.01.25"]
[SourceQuality "1"]
[WhiteTeam "Bucharest RAT"]
[BlackTeam "Skopje Alkaloid"]
[WhiteTeamCountry "ROU"]
[BlackTeamCountry "MKD"]

1. d4 Nf6 2. c4 g6 3. g3 c6 4. Bg2 d5 5. cxd5 cxd5 6. Nc3 Bg7 7. Nf3 O-O 8. O-O
Ne4 9. Ne5 Bf5 10. Bf4 f6 11. Nd3 Nc6 12. Nc5 Nxc3 13. bxc3 b6 14. c4 $1 (14.
e4) 14... e6 (14... bxc5 $5 15. Bxd5+ Kh8 (15... e6 16. Bxc6 cxd4 17. Bxa8 Qxa8
18. f3 e5 19. Bd2 $16) 16. Bxc6 cxd4 (16... Rc8 17. d5 $16) 17. Bxa8 Qxa8 18.
f3 Bh3 19. Rf2 (19. Re1 $5 e5 20. Bd2 e4 21. Rc1 $16) 19... e5 20. Bd2 f5 21.
Rc1 e4 22. e3 $1 $16) (14... dxc4 15. Bxc6 bxc5 16. d5 (16. Bxa8 Qxa8 17. dxc5
Bh3 18. f3 Bxf1 19. Kxf1 $13) 16... Bh3 17. Re1 Rc8 18. Bb7 $16) 15. cxd5 $1
$146 (15. Nb7) 15... exd5 16. Na6 $16 Rc8 17. Rc1 Be6 (17... Qd7 18. Qa4 b5 $8
19. Qxb5 (19. Qd1 $5) 19... Nxd4 20. Qb2 $16) 18. Qa4 Ne7 (18... b5 $5 19. Qxb5
Nxd4 20. Qd3 $16) 19. Rxc8 (19. Nc7 $5 $16) 19... Bxc8 20. Rc1 g5 21. Bd2 Qe8
22. Qxe8 Rxe8 23. Nc7 Rd8 24. Bb4 (24. Nxd5 Nxd5 25. Bxd5+ Rxd5 26. Rxc8+ Kf7
27. Rc7+ Kg6 28. e3 (28. Rxa7 Rxd4 29. Be3 Rb4 30. a4 Bf8 $1 31. Ra6 Bc5 $11)
28... a5 $16) 24... Kf7 25. e3 Bf8 (25... Bb7 26. Nb5 $18) 26. Bxe7 Bxe7 27.
Nxd5 Bd6 28. Nc3 Ba6 (28... Ba3 29. Rc2 Bf5 30. Be4 $18) 29. Bf1 Bb7 $2 30. Nb5
$18 Bb8 31. Nxa7 Bd5 32. Nc6 Re8 (32... Rc8 $2 33. Ne5+) 33. Nxb8 Rxb8 34. Bc4
Ke6 35. e4 Bxc4 36. Rxc4 Kd6 37. a4 Re8 38. f3 g4 39. Kf2 h5 40. Ke3 Rh8 41. f4
h4 42. f5 1-0

[Event "Minsk op"]
[Site "Minsk"]
[Date "1996.??.??"]
[Round "9"]
[White "Mochalov, Evgeny Veniaminovic"]
[Black "Yandemirov, Valeri"]
[Result "1/2-1/2"]
[WhiteElo "2515"]
[BlackElo "2430"]
[Annotator "Shipov,S"]
[PlyCount "119"]
[EventDate "1996.??.??"]
[EventType "swiss"]
[EventRounds "9"]
[EventCountry "BLR"]
[SourceTitle "EXT 2000"]
[Source "ChessBase"]
[SourceDate "1999.11.16"]
[SourceVersion "1"]
[SourceVersionDate "1999.11.16"]
[SourceQuality "1"]

1. d4 Nf6 2. c4 g6 3. Nf3 Bg7 4. g3 O-O 5. Bg2 c6 6. Nc3 d5 7. cxd5 cxd5 8. Ne5
e6 9. O-O Nfd7 10. f4 f6 11. Nf3 f5 (11... Nc6 12. e4 $5 dxe4 13. Nxe4 Nb6 14.
Be3 Nd5 15. Bf2 b6 16. Re1 Re8 17. Nc3 $1 Bb7 $6 18. Nxd5 exd5 19. Rxe8+ Qxe8
20. f5 $1 $14 {Sideif Sade,F-Bitman,A/Berlin/1992/1:0/52/}) 12. b3 (12. Be3) (
12. Ne5) 12... Qa5 $1 13. Qd3 $6 (13. Bd2 Nc6 14. e3 Qd8 15. Rc1 Nf6 16. Na4
Ne4 17. Nc5 Qe8 18. Qc2 Rf7 19. Rfd1 Rb8 20. b4 $14 {Romanishin,O-Panchenko,A/
HUN/1990/1:0/44/}) 13... Nc5 $1 14. Qd2 (14. dxc5 $5 Qxc5+ 15. Be3 Qxc3 16.
Qxc3 Bxc3 17. Rac1 Bf6 18. Nd4 $44) (14. Qc2 Nc6 15. Rd1 Bd7 $15) 14... Nxb3 $1
15. axb3 Qxa1 16. Nb5 (16. Na4 Bd7 $1 (16... Nc6 $2 17. Bb2 Qa2 18. Qc3 $16) (
16... b5 17. Bb2 Qa2 18. Nc5 Na6 19. Ra1 Qxa1+ 20. Bxa1 Nxc5 21. dxc5 Bxa1 22.
Qa5 $13) 17. Bb2 Qa2 18. Nc5 b6 $1 19. Ra1 Qxa1+ 20. Bxa1 bxc5 $15) 16... Qa6
$8 17. Nc7 Qd6 18. Nxa8 Nc6 19. Qa2 Qb8 (19... Nxd4 $2 20. Qxa7 $13) 20. Ba3 (
20. Nb6 $5 $15) 20... Re8 21. Ne5 Nxe5 (21... Nxd4 $2 22. Bc5 $1) 22. dxe5 Qxa8
23. Bc5 (23. Rc1 Bd7 24. Rc7 $5 Bc6 25. Bd6 Bf8 26. Qa5 $132) 23... a6 24. Qa4
Rd8 25. Qa5 Bd7 26. Bb6 Re8 27. Rc1 Bc6 $17 28. e3 Qc8 29. Bf1 Qd7 30. Bc5 Bf8
31. Bd4 Rc8 32. Kf2 Qe7 $1 {/\ Qb4/} 33. Bc5 Qe8 34. Bxf8 (34. Bd4 $5) 34...
Qxf8 35. Be2 g5 36. Qb6 Qa3 37. Rc2 g4 {/\ Qa1-h1/} 38. Qc5 $1 Qxc5 (38... Qxb3
$2 39. Rc3 Qb2 40. Qe7 Re8 41. Qg5+ $10) (38... Qa1 39. Rc1) 39. Rxc5 Kf7 40.
Rc2 (40. b4 $5) 40... Ke7 41. Ke1 (41. b4 $5) 41... h5 (41... a5 $142) 42. Bf1
a5 43. h4 gxh3 $2 {>< h5/} (43... Ra8 $17) 44. Bxh3 Ra8 45. Bf1 a4 46. bxa4
Rxa4 47. Be2 Ra1+ 48. Kf2 Kd7 (48... Rh1 49. Kg2 $1 d4+ $2 50. Rxc6) 49. Bxh5
$10 Ba4 50. Rb2 b5 51. g4 fxg4 52. Bxg4 Rh1 53. Kg2 Rc1 54. f5 exf5 55. Bxf5+
Kc6 56. Kf3 Kc5 57. Kf4 b4 58. e6 b3 59. e7 Kb4 60. Rd2 1/2-1/2

[Event "Vinkovci"]
[Site "Vinkovci"]
[Date "1995.??.??"]
[Round "?"]
[White "Stohl, Igor"]
[Black "Ftacnik, Lubomir"]
[Result "1-0"]
[WhiteElo "2530"]
[BlackElo "2605"]
[Annotator "Stohl,I"]
[PlyCount "117"]
[EventDate "1995.04.??"]
[EventType "tourn"]
[EventRounds "11"]
[EventCountry "CRO"]
[EventCategory "9"]
[SourceTitle "CBM 048"]
[Source "ChessBase"]
[SourceDate "1995.10.01"]
[SourceVersion "1"]
[SourceVersionDate "1995.10.01"]
[SourceQuality "1"]

1. Nf3 Nf6 2. d4 g6 3. c4 Bg7 4. g3 O-O (4... c6 5. Bg2 d5 6. cxd5 cxd5 7. Nc3
O-O 8. Ne5 e6 9. O-O Nfd7 10. f4 Nc6 11. Be3 f6 12. Nd3 Nb6 13. b3 Bd7 14. Bf2
Qe7 15. Rc1 Rad8 16. Rc2 Be8 17. Rd2 Nc8 18. e3 Nd6 19. g4 Kh8 20. Qe2 f5 21.
g5 Ne4 22. Rc2 Nb4 23. Nxb4 Qxb4 24. Rfc1 {Karpov,An-Timman,J/Amsterdam (m/12)/
1993/} Nxf2 $10) 5. Bg2 c6 6. O-O d5 7. cxd5 cxd5 8. Nc3 Nc6 (8... Ne4 9. Nxe4
dxe4 10. Ne5 f6 11. Qb3+ $14) (8... e6 $142 {-4...c6}) 9. Ne5 e6 (9... Bf5 $5
10. Nxc6 bxc6 11. Bf4 Nd7 12. Na4 Qa5 13. b3 Nb6 14. Bd2 (14. Nc5 $5 e5 15. Be3
Rfe8 16. Re1 Bg4 $13) 14... Qb5 15. Nc3 Qa6 16. Be3 Rad8 17. Qd2 c5 18. Rfd1 $1
c4 $1 19. b4 Qa3 20. b5 a6 21. bxa6 Rd7 $1 22. h3 h5 {Vaganian,R-Hjartarson,J/
Debrecen/1992/} 23. Qc1 $1 $14) 10. Nxc6 bxc6 11. Na4 Nd7 12. Bf4 (12. b3 c5
13. Bb2 Bb7 14. Rc1 Rc8 15. Qd2 cxd4 16. Rxc8 Qxc8 17. Rc1 Qb8 18. Bxd4 e5 19.
Nc5 Nxc5 20. Bxc5 Rd8 21. Qa5 Rc8 22. Rd1 d4 23. Bxa7 Qa8 24. Bxb7 Qxb7 25. Bc5
Qd5 26. Bb4 Qe4 27. Qb5 h5 $44 {Ilincic,Z-Sibarevic,M/YUG-ch/1992/}) 12... Qf6
$6 $146 (12... Ba6 13. Qd2 Re8 14. Rac1 Bb5 15. Nc3 Ba6 16. Rfd1 Rc8 17. Bh6
Bf6 18. h4 e5 19. dxe5 Bxe5 20. Bh3 Rc7 21. Bf4 Nb6 22. b3 Qf6 23. a4 Bc8 24.
Bg2 Bxf4 25. Qxf4 Qxf4 26. gxf4 Rce7 27. e3 $14 {Larsen,B-Krogius,N/Le Havre/
1966/}) (12... Qa5 $142 $1 13. a3 (13. Bd6 Re8 14. b4 Qd8 15. Rc1 Nb6 $1 $10)
13... Ba6 14. b4 Qd8 15. Re1 Bc4 16. Nc5 Re8 17. Rc1 Nxc5 18. bxc5 Qa5 19. e4
Qxa3 20. Bd6 Qd3 21. Qxd3 Bxd3 22. e5 a5 23. Rc3 Bb5 24. Bf1 Bxf1 {1/2-1/2,
Akhmilovskaya,E-Chiburdanidze,M/Sofia/Borzomi (m/10) /1986/}) 13. Qc2 $5 (13.
e3 e5 $5 (13... Qe7 14. Rc1 g5 15. Bc7 Ba6 16. Re1 $14 {/\} Rfc8 17. Rxc6 Nb8
18. Bd6) 14. dxe5 Nxe5 15. Rc1 Ba6 $10) (13. Bd6 Re8 14. e3 e5 15. dxe5 Nxe5
$132 {/\} 16. Bc5 $2 Ba6 17. Re1 Nd3) 13... Bb7 (13... Qxd4 $5 14. Bd6 $1 (14.
Qxc6 Nb6 $8 15. Nxb6 Qxb6 16. Qxa8 Ba6 17. Be3 (17. Bc7 Qxc7 18. Rac1 Bc4 $17)
17... Rxa8 18. Bxb6 axb6 19. Bf3 Bxb2 20. Rab1 Bd4 $44) 14... Bb7 $1 (14... Rd8
$2 15. e3 {[%cal Rc2c6] /\Qc6+-}) 15. Nc5 (15. Bxf8 Bxf8 16. e3 Qb4 17. a3 $14)
15... Nxc5 16. Bxc5 Qf6 17. Bxf8 Bxf8 $14) 14. Rfd1 (14. Bd6 $142 Rfe8 (14...
Qxd4 $14 {-13...Qd4}) 15. e3 e5 16. dxe5 Nxe5 17. Bc5 $14) 14... Rfc8 $2 (14...
Qe7 $5 15. Rac1 Rfc8 {[%cal Yg7f8,Yc6c5] /\Bf8,c5}) 15. Bd6 e5 (15... Ba6 16.
e3 $16) 16. dxe5 Nxe5 17. Bc5 Re8 18. Bd4 Qe7 19. Qc5 $6 (19. Qc3 Qf8 20. Nc5
$16 {[%cal Re2e4] /\e4|^}) 19... Ba6 $1 (19... Qc7 $2 20. Bxd5 $1) (19... Qd7
$6 20. Qc3 {[%cal Rf2f4,Ra4c5] /\f4,Nc5+-}) 20. Qxe7 Rxe7 21. Bf1 (21. e4 Be2
22. Re1 Nf3+ $132) 21... Ng4 (21... Nd7 $5 $14) 22. Bxg7 Kxg7 23. h3 Nf6 24. e3
Bxf1 25. Kxf1 Ne4 26. Rac1 Re6 27. Nc5 Nxc5 28. Rxc5 {[%csl Ra7,Rc6] _|_><c6,a7
} Rb8 (28... a5 29. Rd4 $1 (29. b3 a4 30. b4 a3 $5 31. b5 Ra5 32. Rb1 $1 $14)
29... a4 30. Rb4 a3 31. b3 Ra6 32. Rb7 $16) 29. b3 Rb6 {[%cal Yb6a6] /\Ra6} 30.
Ra5 $1 Re7 31. Rd4 Kf6 32. Ke2 Ke5 33. Kd3 {[%cal Re3e4] /\e4} f5 $2 (33... Rb5
34. Rda4 $5 (34. Rxb5 cxb5 35. e4 Rd7 $10) (34. Ra6 Rb6) 34... Rxa5 35. Rxa5
Kd6 36. b4 {[%cal Yf2f3,Ya2a3,Yd3d4,Ya5a6] /\f3,Kd4,a3,Ra6+/-}) (33... Kd6 34.
Rda4 (34. e4 Rxe4 35. Rxe4 dxe4+ 36. Kxe4 Rb7 $132) 34... Rbb7 35. g4 $36 {
[%cal Yf2f3,Yd3d4,Yb3b4,Ya2a3,Ya5c5,Yb4b5] /\f3,Kd4,b4,a3,Rc5,b5!}) 34. e4 $1
$18 Rd7 (34... fxe4+ 35. Rxe4+ Kd6 36. Rxe7 Kxe7 37. Rxa7+ Kd6 38. Rxh7 $18) (
34... Kd6 35. exd5 c5 36. Rc4 Rc7 37. Rca4 Rbb7 38. Kc4 $18) 35. exd5 cxd5 36.
Rda4 h5 (36... Rbb7 37. Ra6 {[%cal Rf2f4] /\f4#}) 37. Rxa7 Rxa7 38. Rxa7 (38.
f4+ $5 Kf6 39. Rxa7 $18 {/\} h4 40. gxh4 Rb4 41. Ra4) 38... f4 39. Re7+ $5 (39.
gxf4+ Kxf4 40. Kd4 $18) 39... Kf6 40. Re2 g5 (40... fxg3 41. fxg3 h4 42. Kd4 $1
(42. gxh4 Rb4 $132) 42... hxg3 43. Rg2 $18) 41. Kd4 Rc6 (41... f3 42. Re3 g4
43. hxg4 hxg4 44. a4 $1 (44. Kxd5 Rb8 {[%cal Rb8d8,Rd8d2] /\Rd8-d2}) 44... Rc6
45. Rc3 Re6 46. Rc2 Re2 47. Kd3 $18) 42. Kxd5 Rc3 43. Re6+ Kf5 (43... Kf7 44.
gxf4 (44. Rh6 $6 fxg3 45. fxg3 Rxg3 46. Rxh5 Kg6 47. Rh8 Kg7 $16) 44... gxf4
45. Re4 $18) 44. Re5+ Kg6 45. gxf4 gxf4 46. Ke4 Rc2 (46... Rxh3 47. Kxf4 $18)
47. f3 Rh2 (47... Rxa2 48. Kxf4 {[%csl Gb3,Gf3][%cal Re5b5,Rb5b8] /\Rb5-b8,o^b,
f}) 48. Kxf4 Rxh3 49. Re6+ Kf7 50. Rb6 Ke7 51. a4 Kd7 52. a5 Kc7 53. b4 Rh1 54.
Kg5 h4 55. Rh6 h3 56. f4 h2 57. Kf5 $8 (57. Kf6 $4 Rf1 $10) 57... Rb1 58. Rxh2
Rxb4 59. Rc2+ (59. Rc2+ Kb7 (59... Kd7 60. Ra2) 60. Rc5) 1-0

[Event "Candidates final"]
[Site "Kuala Lumpur"]
[Date "1990.03.13"]
[Round "4"]
[White "Karpov, Anatoly"]
[Black "Timman, Jan H"]
[Result "1-0"]
[WhiteElo "2730"]
[BlackElo "2680"]
[Annotator "Tischbierek,R"]
[PlyCount "149"]
[EventDate "1990.03.??"]
[EventType "match"]
[EventRounds "12"]
[EventCountry "MAS"]
[SourceTitle "Candidates"]
[Source "ChessBase"]
[SourceDate "1999.07.01"]
[SourceVersion "2"]
[SourceVersionDate "1999.07.01"]
[SourceQuality "1"]

1. d4 {Ernst} Nf6 2. c4 g6 3. Nf3 Bg7 4. g3 c6 5. Bg2 d5 6. cxd5 cxd5 7. Ne5
O-O 8. Nc3 e6 9. O-O (9. Bg5 {vgl. 2.Partie}) 9... Nfd7 10. f4 Nc6 11. Be3 f6 (
11... Ndxe5) (11... Nb6 {vgl. Karpov-Kasparov(1),(3)/wm Sevilla/1987/1/2-1/2/})
12. Nd3 {!? /\ Nc5 Ernst} Nb6 13. b3 Qe7 $6 {>< /^a3-f8} 14. a4 Bd7 15. Bc1 $1
Rfd8 16. e3 Be8 17. Ba3 Qf7 18. Rc1 Bf8 19. Bxf8 Qxf8 20. g4 {+/=/+/- /\ f4-f5}
Qe7 21. Qd2 Rac8 22. Ne2 Rc7 23. Rc5 Nc8 24. f5 g5 25. Ng3 {/\ 26.fe, 27.Nf5
Hoeksema} e5 $5 26. Qc1 $2 (26. Bxd5+ Kh8 27. Rfc1 (27. dxe5 Nxe5 28. Rxc7 Qxc7
29. Nxe5 (29. Rc1 Qd6 (29... Rxd5 30. Rxc7 Nf3+ 31. Kg2 Nxd2 32. Rxc8 $16) 30.
Nxe5 Qxe5 31. e4 Bc6 $44) 29... Qxe5 {Ernst}) 27... Nb6 $1 28. Nb4 (28. e4 $2
Nd7 29. R5c2 Nxd4 $1) (28. Be6 Nd7 29. R5c2 (29. Bxd7 Rcxd7 $13) 29... exd4 30.
e4 Nce5 $1 31. Nxe5 Rxc2 $17) 28... exd4 29. exd4 Rcd7 30. Re1 $1 Qf8 31. Nxc6
bxc6 32. Bxc6 Rxd4 33. Qxd4 Rxd4 34. Rxe8 $18) (26. Rfc1 {>=} e4 27. Nb4 $14) (
26. Rxd5 $2 Bf7 27. Rxd8+ Qxd8 $17 {Hoeksema}) 26... b6 27. Rc2 (27. Bxd5+ Rxd5
28. Rxd5 Nb4 $19) 27... e4 28. Nf2 Nd6 29. Qd2 Rdc8 30. Rfc1 a5 31. Bf1 (31.
Qc3 Bf7 {/\ Ne8, Nb4}) 31... Nb4 32. Rc3 Qd7 33. Nd1 Rc6 34. Rxc6 Rxc6 35. Rxc6
Qxc6 36. Nc3 (36. Qc3) 36... Kf8 37. Kf2 $138 Ke7 $138 38. Ke1 $138 Kf8 $138
39. Kd1 $138 Qc8 40. Ke1 $138 Kg7 $138 (40... h5 $1 41. h3 (41. gxh5 Nxf5 42.
Bh3 Bd7) 41... h4 {=/+ >< /^b8-h2}) 41. Na2 Nxa2 42. Qxa2 Qc7 (42... Qc1+ {
42... Qc3} 43. Kf2 {/\ 44.Ne2}) (42... h5 43. Qa3) 43. Kf2 Kf8 44. Qb2 Ke7 45.
Be2 Kd8 46. Ke1 Kc8 47. Kd2 Kb7 48. Qc1 Qe7 49. Ke1 Bd7 50. Kf2 Ne8 51. Qh1 Qb4
52. h4 Qxb3 (52... gxh4 53. Qxh4 Qxb3 54. Qxh7 Qxa4 55. Qe7 Qc6 56. Nh5 {
/\ 57.g5}) 53. hxg5 fxg5 54. Qxh7 Qxa4 55. Qe7 Qc6 56. Qxg5 a4 57. Qe7 Qd6 58.
Qxd6 Nxd6 59. Bd1 $10 Bb5 $2 (59... b5 60. Ne2 b4 61. Nc1 Kb6 (61... Kc7 {
/\ Kd8-e7}) (61... b3 62. Nxb3 axb3 63. Bxb3 $10)) 60. Ne2 a3 (60... Bxe2 61.
Kxe2 b5 62. Kf2 $16) 61. Nc1 Kc7 {Abgabezug} 62. Kg3 Nc4 (62... Kd7 63. Kf4 Bc4
64. g5 a2 65. Nxa2 Bxa2 66. g6 Ke7 (66... Ne8 67. Ba4+ $18) 67. g7 Kf7 68. f6
Bc4 69. Bg4 Kg8 70. Be6+ Nf7 71. Kf5 Bb5 72. Kg6 Be8 73. Bxd5 b5 74. Ba2 b4 75.
Bb3 $18 {Hoeksema}) 63. Be2 (63. Kf4 $2 Nb2 64. Bc2 Nd3+ $19) 63... Be8 (63...
Kd6 $5 64. Kf4 $2 Nb2 65. Bxb5 Nd3+ 66. Bxd3 exd3 $19 {Nijboer}) 64. Kf4 Nb2 {
/\ 65... Nd3 -+} 65. Kg5 Nd3 66. Nb3 a2 {/\ 67... Nc1 Ernst} 67. Na1 b5 68. Bd1
b4 69. Bb3 Nc1 (69... Kd6 70. Kh6 Bb5 71. Kg7 $18 {Hoeksema}) 70. Bxd5 Kd6 (
70... Ba4 $18 {Ernst} 71. f6 b3 72. f7 b2 73. f8=Q bxa1=Q 74. Qc5+ Kb8 75. Qb6+
Kc8 76. Qa6+ $3 Kc7 77. Qa5+ Kc8 78. Be6+ $3 Kb7 79. Qb4+ Kc7 80. Qxa4 Qb1 81.
Qa7+ Kc6 82. Bd7+ Kd6 83. Ba4 $3 $18) 71. Bc4 Bb5 (71... Ba4 72. f6 b3 73. f7
Ke7 74. Kh6 b2 75. Kg7 bxa1=Q 76. f8=Q+ Kd7 77. Qf5+ Kc6 78. Qc5+ Kb7 79. Qb4+
Kc8 80. Qxa4 Qb1 {80... Qb2} 81. Qa7 $3 Kd8 82. Be6 Qb5 83. Kf6 $3 $18 {Ernst})
72. Bg8 Ke7 (72... Ba4 {! Ernst} 73. f6 b3 74. Kh6 (74. f7 $1 Ke7 75. Kh6 b2 (
75... Kf8 76. g5) 76. Kg7 bxa1=Q 77. f8=Q+ Kd7 78. Qf5+ Kc7 79. Qa5+ Kb8 (79...
Kc8 80. Be6+) 80. Qb4+ Kc7 $1 $16 {Ernst} (80... Kc8 81. Qxa4 Qc3 (81... Qb1 {
81...Qb2} 82. Qa7) 82. Bxa2 Nxa2 83. Qxa2 Qxe3 84. Qe6+ $18 {Ernst})) 74... b2
75. f7 bxa1=Q 76. f8=Q+ $18) 73. Kh6 Kf8 {? [] 74... Ba4 Ernst} 74. Be6 Bd7 75.
g5 (75. g5 Bxe6 76. fxe6 b3 77. g6 b2 78. g7+ Ke7 (78... Kg8 79. e7 Kf7 80.
g8=Q+ Kxe7 81. Qg5+ $18 {/\ Qb5+-Qb2 Hoeksema}) 79. g8=Q bxa1=Q 80. Qf7+ Kd6
81. Qd7#) 1-0